| 000 | 00779nam a2200253 a 4500 | ||
|---|---|---|---|
| 001 | 54435 | ||
| 003 | BD-RjUL | ||
| 005 | 20211209080123.0 | ||
| 008 | 161106s2004 nyua b 001 0 eng | ||
| 020 | _a0340814063 (pbk.) | ||
| 035 | _a(BD-RjUL)54557 | ||
| 040 |
_aDLC _cDLC _dBD-RjUL _beng |
||
| 041 | _aeng | ||
| 082 | 0 | 0 |
_a519.5 _223 _bCLB 2004 |
| 100 | 1 |
_aClarke, G. M. _q(Geoffrey Mallin) _9162447 |
|
| 245 | 1 | 2 |
_aA basic course in statistics / _cG.M. Clarke, D. Cooke. |
| 250 | _a5th ed. | ||
| 260 |
_aNew York : _bDistributed in the U.S.A. by Oxford University Press, _cc2004. |
||
| 300 |
_axxv, 734 p. : _bill. ; _c25 cm. |
||
| 500 | _aIncludes Index | ||
| 650 | 0 |
_aMathematical statistics. _9162448 |
|
| 700 | 1 |
_aCooke, D. _q(Dennis), _d1929- _9162449 |
|
| 942 |
_2ddc _cBK |
||
| 999 |
_c54435 _d54435 |
||